| 000 | 00547nam a2200217 a 4500 | ||
|---|---|---|---|
| 999 |
_c6722 _d6722 |
||
| 001 | 6722 | ||
| 003 | BD-JhCC | ||
| 005 | 20180129095621.0 | ||
| 008 | 180129s1958 e a|||| || | 000 0 eng d | ||
| 035 | _a(BD-JhCC)6722 | ||
| 040 |
_aBD-JhCC _dBD-JhCC |
||
| 041 | _aeng | ||
| 082 |
_a823.91 _bCAR 1958 |
||
| 100 | _aCarruthers, Janet | ||
| 245 |
_aThe Forest is my Kingdom / _cJanet Carruthers, |
||
| 260 |
_aLondon : _bOxford University Press, _c1958 |
||
| 300 |
_a231 p. : _c22 cm. |
||
| 650 | _aStories | ||
| 942 |
_2ddc _cBK |
||